Takkeli firavunlar ve büyük siyasi sırlar (Record no. 9906)

MARC details
000 -BAŞLIK
Sabit Uzunlukta Kontrol Alanı 01750na a2200337 4500
001 - KONTROL NUMARASI
Denetim Alanı 23037
003 - KONTROL NUMARASI IDENTIFIER
Denetim Alanı MIRAKIL
005 - SON İŞLEM TARİHİ VE ZAMANI
Denetim Alanı 20181213155301.0
008 - SABİT-BOY VERİ ELEMANLARI - GENEL BİLGİLER
Sabit Uzunlukta Kontrol Alanı 170512b tu 000 0
020 ## - ULUSLARARASI STANDART KİTAP NUMARASI
Uluslararası Standart Kitap Numarası 9786054764976
040 ## - KATALOGLAMA KAYNAK
Orijinal Kataloglama Ajansı Milas
Kataloglama Dili tur
Metne Dönüştürmek Ajansı TR-AnCHP
041 ## - DİL KODU
Metin / Ses Parça Veya Ayrı Başlığın Dil Kodu tur
082 ## - DEWEY ONLU SINIFLANDIRMA NUMARASI
Sınıflandırma Numarası 320.9561
Ürün Numarası Ö54t 2014
090 ## - SINIFLAMA NUMARASI
Sınıflama Numarası 320.9561 Ö54t 2014
100 ## - ANA GİRİŞ - KİŞİSEL İSİM
Kişisel Ad Önkibar, Sabahattin
245 ## - BAŞLIK TABLOSU
Başlık Takkeli firavunlar ve büyük siyasi sırlar
Sorumluluk Tablosu, Vb Sabahattin Önkibar
250 ## - EDITION TABLOSU
Baskı Beyanı 2. bs.
260 ## - YAYIN, DAĞITIM, VB
Yayın, Dağıtım, Vb Yeri İstanbul
Yayıncı, Dağıtıcı, Vs Adı Kırmızı kedi yayınevi
Yayın, Dağıtım, Vb Tarihi 2014
Üretici Firma Pasifik ofset
300 ## - FİZİKSEL TANIM
Kapsam 195 s.
Boyutlar 19 sm.
440 ## - SERİSİ TABLOSU / KATMA GİRİŞİ - BAŞLIK
Başlık Kırmızı Kedi yayınevi
Bir İşin Parçası / Bölüm Sayısı 281
490 ## - SERİSİ TABLOSU
Seri Beyanı Güncel
Hacim / Ardışık Tanımı 12
505 ## - BİÇİMLENDİRİLDİ İÇİNDEKİLER NOT
Biçimlendirilmiş İçeriği Dikkat Cariye kasetlerine kim milyon dolarlar ödedi? ; Cemaat ile Tayyip Erdoğan kavgasının bilinmeyen tarafları neler ? ; Tayyip Erdoğan Melih Gökçek'e nasıl saldırdı ? ; Erdoğan ile Gül, Yahudi önderle gizlice niye buluştu ? ; Alparslan Türkeş'in hiç açıklanmayan pişmanlığı neydi ? ; Kumarhaneler kralı Topal 5 milyon doları Ankara'da kime götürdü ? ; Nazlı Ilıcak kime ''sizin yalakanızım'' dedi ? ; '' Maaşını verdiğin hanım, cariyen hükmündedir'' diyen medya patronu kim ? ; Fethullah Gülen Hilmi Özkök'ü nasıl sahiplendi ? ; Alparslan Türkeş, Muhsin Yazıcıoğlu için ne söyledi ? ; Hırsızların imparatoru kim ? ; Türkeş'e göre Devlet Bahçeli MİT'çi miydi ? ; Türk işadamlarına New York'ta kadın arkadaş bulan AKP'li kimdi?
650 ## - KONU KATMA GİRİŞ - TOPİKAL DÖNEM
Topikal Süreli Veya Coğrafi Ad Giriş Elemanı Baykal, Deniz
650 ## - KONU KATMA GİRİŞ - TOPİKAL DÖNEM
Topikal Süreli Veya Coğrafi Ad Giriş Elemanı Türkeş, Alparslan
650 ## - KONU KATMA GİRİŞ - TOPİKAL DÖNEM
Topikal Süreli Veya Coğrafi Ad Giriş Elemanı Erdoğan, Recep Tayyip
650 ## - KONU KATMA GİRİŞ - TOPİKAL DÖNEM
Topikal Süreli Veya Coğrafi Ad Giriş Elemanı Siyasetçiler
Genel Alt Bölümü Türkiye
650 ## - KONU KATMA GİRİŞ - TOPİKAL DÖNEM
Topikal Süreli Veya Coğrafi Ad Giriş Elemanı siyaset ve Din
Genel Alt Bölümü Türkiye
650 ## - KONU KATMA GİRİŞ - TOPİKAL DÖNEM
Topikal Süreli Veya Coğrafi Ad Giriş Elemanı Siyaset ve yönetim
Genel Alt Bölümü Türkiye
651 ## - KONU KATMA GİRİŞ - COĞRAFİ ADI
Coğrafi İsim Gülen, Fethullah
942 ## - EKLENDİ GİRİŞ ELEMANLARI (KOHA)
Sınıflandırma Veya Raf Düzeni Kaynak
Koha Öğesi Türü Books
999 ## - SİSTEM KONTROL NUMARALARI (KOHA)
Koha Biblionumber 9906
Koha Biblioitemnumber 9906
Holdings
Kalıcı Konum Mevcut Konum Edinme Tarihi Edinim Kaynak Toplam Check-Out'Lar Tam Çağrı Numarası Barkod Tarih Son Görülme İtibaren Geçerli Fiyatlar Koha Öğesi Türü
CHP Kütüphanesi CHP Kütüphanesi 05/12/2017 Bağış   320.9561 Ö54t 2014 016989 05/12/2017 05/12/2017 Books